LIBRARY & INFORMATION CENTRE, KCAET, TAVANUR

ONLINE PUBLIC ACCESS CATALOGUE (OPAC)

Manavika sabdavali, Vol 1 / (Record no. 9879)

MARC details
000 -LEADER
fixed length control field 00483cam a2200181ua 4500
041 ## - LANGUAGE CODE
Language code of text/sound track or separate title mal
082 ## - DEWEY DECIMAL CLASSIFICATION NUMBER
Classification number 028.73 001
Item number KRI/MA
100 ## - MAIN ENTRY--AUTHOR NAME
Personal name Krishna Warrier, N.V.
245 00 - TITLE STATEMENT
Title Manavika sabdavali, Vol 1 /
250 ## - EDITION STATEMENT
Edition statement 1 /
260 ## - PUBLICATION, DISTRIBUTION, ETC. (IMPRINT)
Place of publication Thiruvananthapuram :
Name of publisher State Instititute of Languages ,
Year of publication 1969.
300 ## - PHYSICAL DESCRIPTION
Number of Pages 332 ; .
942 ## - ADDED ENTRY ELEMENTS (KOHA)
Koha item type Books
Holdings
Withdrawn status Lost status Damaged status Home library Current library Date acquired Full call number Accession Number Koha item type
      KAUAET KAUAET 07/04/2012 028.73 001 12888 Reference
      KAUAET KAUAET 07/04/2012 028.73 001 13022  
free website counter